01327nam a2200289 i 450000100060000000300090000600500170001500700030003200800410003504000220007608000330009811000500013124501970018125000140037826000900039230000250048253400950050761000670060265500330066970000420070270000430074471000700078785200330085794200080089099900170089895201220091514508ES-MaACL20250902094054.0t|970707r19961781sp ||||0| spa j aM-BN bspa cM-BN a061.235(460.188 SG.)(060.13)2 aEspaña. bRey (1759-1788: Carlos III)9396010aReal cédula de S.M. y señores del Consejo por la cual se aprueban los estatutos de la Real Sociedad Económica de la ciudad de Segovia / cintroducción por José Manuel Valles Garrido. aEd. facs. a[Segovia] : bAsociación Cultural Biblioteca de Ciencia y Artillería,cD.L. 1996. a64, 45 p. ; c22 cm. pReprod. de la ed. de: c-- Segovia : en la Imprenta de D. Antonio Espinosa, año de 1781.24aReal Sociedad Económica de Amigos del País (Segovia)96385 72tgfbne9226495aFacsímiles0 aCarlos bIII,cRey de España9353051 aValles Garrido, José Manuel.91128892 aAsociación Cultural Biblioteca de Ciencia y Artillería.91531 aES-MaACLjL-21841 bR.125480 2udc c14508d14508 00104070aATENEOMbATENEOMcDEPO2d2008-01-17eSCl0oL-21841p1014756r2023-02-23 00:00:00w2023-02-23yMONOGRAFIA